English grammar: (Record no. 102141)

MARC details
000 -LEADER
fixed length control field 00719nam a22002177a 4500
005 - DATE AND TIME OF LATEST TRANSACTION
control field 20180227153543.0
010 ## - LCCN (DPL NO)
LC control number 1617EN
020 ## - INTERNATIONAL STANDARD BOOK NUMBER
International Standard Book Number 9781315750040
Terms of availability 1995.00
035 ## - SYSTEM CONTROL NUMBER
System control number B-664902
037 ## - SOURCE OF ACQUISITION
Stock number DPL
Source of stock number/acquisition UPPAL
082 ## - DEWEY DECIMAL CLASSIFICATION NUMBER
Classification number 485
100 ## - MAIN ENTRY--PERSONAL NAME
Personal name Downing, Angela
245 ## - TITLE STATEMENT
Title English grammar:
Statement of responsibility, etc by Angela Downing
Remainder of title a university course /
250 ## - EDITION STATEMENT
Edition statement 3th ed
260 ## - PUBLICATION, DISTRIBUTION, ETC. (IMPRINT)
Place of publication, distribution, etc New York
Name of publisher, distributor, etc Routledge
Date of publication, distribution, etc 2016
270 ## - ADDRESS
Address 711 third avenue
City New York
Postal code NY 10017
300 ## - PHYSICAL DESCRIPTION
Extent xix,529p.
Dimensions 25cm(pbk)
500 ## - GENERAL NOTE
General note inculds index
942 ## - ADDED ENTRY ELEMENTS (KOHA)
Source of classification or shelving scheme Dewey Decimal Classification
Item type English Books
Classification part 485
Call number suffix DOW
Holdings
Withdrawn status Lost status Not for loan Collection code Home library Current library Date acquired Source of acquisition Cost, normal purchase price Full call number Barcode Copy number Cost, replacement price Koha item type
      Non-fiction Ashok Vihar Ashok Vihar 27/02/2018 Uppal/14146/27.2.2017/EN/AV/473/15.2.2017/7.3.2017 1995.00 485 DOW B-664902 1 1995.00 English Books

© Delhi Public Library
Hit Counter
free hit counter